Differentialgeometrie. 4. Auflage.

Uložené v:
Podrobná bibliografia
Hlavný autor: BAULE, B. (Author)
Médium: Kniha
Jazyk:German
Vydané: 1955
Tagy: Pridať tag
Žiadne tagy, Buďte prvý kto otaguje tento záznam!

MARC

LEADER 00000nam a2200000 a 4500
001 000213921
005 00000000000000.0
008 040101s1955 e gero
041 0 |a ger 
100 1 |a BAULE, B.  |4 aut 
245 1 0 |a Differentialgeometrie. 4. Auflage. 
260 |c 1955 
500 |a Záznam neprešiel kontrolou 
910 |a svkkk 
998 |a BK 
090 |g SCKHL  |k Sklad Pribinova 1. posch.  |a IV0.8101  |i 213921-10  |s Prezenčne